[Event "Oberliga Nord O 0506"]
[Site "Germany"]
[Date "2006.01.15"]
[Round "5.3"]
[White "Suchin, Dimitry"]
[Black "Jacobs, Joachim"]
[Result "1/2-1/2"]
[WhiteElo "2276"]
[BlackElo "2174"]
[PlyCount "101"]
[EventDate "2005.10.23"]
[EventType "team-tourn"]
[EventRounds "9"]
[EventCountry "GER"]
[SourceTitle "EXT 2007"]
[Source "ChessBase"]
[SourceDate "2006.11.23"]
[SourceVersion "1"]
[SourceVersionDate "2006.11.23"]
[SourceQuality "1"]
[WhiteTeam "Koenig Tegel II"]
[BlackTeam "Frankfurt Preussen"]
[WhiteTeamCountry "GER"]
[BlackTeamCountry "GER"]

1. d4 Nf6 2. c4 e6 3. Nf3 Bb4+ 4. Bd2 Qe7 5. g3 b6 6. Bg2 Bb7 7. 0-0 Bxd2 8. Qxd2 0-0 9. Nc3 d6 10. Rfe1 Ne4 11. Qc2 Nxc3 12. Qxc3 f5 13. c5 Bd5 14. Nd2 Bxg2 15. Kxg2 Nd7 16. c6 Nf6 17. e4 fxe4 18. Nxe4 Nd5 19. Qd2 Qe8 20. Rac1 Qg6 21. Kh1 h6 22. a3 a5 23. f4 Rae8 24. Re2 Qg4 25. Qd3 Qh3 26. Nf2 Qf5 27. Rce1 Nf6 28. Qxf5 exf5 29. Rxe8 Rxe8 30. Rxe8+ Nxe8 31. Nd1 Nf6 32. Ne3 g6 33. d5 Kf7 34. Kg2 Ke7 35. Kf3 Kf7 36. Ke2 Ng4 37. Nf1 Nf6 38. Ne3 Ng4 39. Nf1 Nf6 40. Ne3 Ng4 41. Nc4 Ke7 42. h3 Nf6 43. Ne3 Ne4 44. Kf3 Nd2+ 45. Ke2 Ne4 46. g4 fxg4 47. hxg4 h5 48. Kf3 Nd2+ 49. Ke2 Ne4 50. Kf3 Nd2+ 51. Ke2 1/2-1/2

[Event "Oberliga Nord O 0506"]
[Site "Germany"]
[Date "2005.10.23"]
[Round "1.3"]
[White "Becker, Walter"]
[Black "Suchin, Dimitry"]
[Result "1-0"]
[WhiteElo "2333"]
[BlackElo "2276"]
[PlyCount "89"]
[EventDate "2005.10.23"]
[EventType "team-tourn"]
[EventRounds "9"]
[EventCountry "GER"]
[SourceTitle "EXT 2007"]
[Source "ChessBase"]
[SourceDate "2006.11.23"]
[SourceVersion "1"]
[SourceVersionDate "2006.11.23"]
[SourceQuality "1"]
[WhiteTeam "Lasker Steglitz"]
[BlackTeam "Koenig Tegel II"]
[WhiteTeamCountry "GER"]
[BlackTeamCountry "GER"]

1. e4 e5 2. Nf3 Nc6 3. Nc3 Nf6 4. Bb5 Bb4 5. 0-0 0-0 6. Bxc6 dxc6 7. d3 Re8 8. h3 c5 9. Bg5 c6 10. Nd2 h6 11. Be3 Be6 12. f4 exf4 13. Rxf4 c4 14. d4 c5 15. dxc5 Qe7 16. Qe2 Bxc5 17. Raf1 Rad8 18. Nf3 Nh5 19. Kh2 Bxe3 20. Qxe3 Nxf4 21. Qxf4 f6 22. Qe3 a6 23. a3 b5 24. Kh1 Qd6 25. Qf2 Bf7 26. Qh4 Qc5 27. Qg3 a5 28. e5 f5 29. Qf4 Be6 30. Ne2 Kh8 31. h4 Qd5 32. Nc3 Qb7 33. Nd4 b4 34. Ncb5 Qe4 35. Nd6 Qxf4 36. Rxf4 Rxd6 37. exd6 Bd7 38. axb4 axb4 39. Nf3 c3 40. Rxb4 cxb2 41. Rxb2 Re6 42. Rb6 Kg8 43. c4 Kf7 44. c5 Re4 45. c6 1-0

[Event "Oberliga Nord O 0405"]
[Site "Germany"]
[Date "2005.04.10"]
[Round "9.1"]
[White "Waldmann, Hans Joachim"]
[Black "Suchin, Dimitry"]
[Result "1/2-1/2"]
[WhiteElo "2339"]
[BlackElo "2168"]
[PlyCount "20"]
[EventDate "2004.10.24"]
[EventType "team-tourn"]
[EventRounds "9"]
[EventCountry "GER"]
[SourceTitle "EXT 2006"]
[Source "ChessBase"]
[SourceDate "2005.11.24"]
[SourceVersion "1"]
[SourceVersionDate "2005.11.24"]
[SourceQuality "1"]
[WhiteTeam "Weisse Dame"]
[BlackTeam "Koenig Tegel II"]
[WhiteTeamCountry "GER"]
[BlackTeamCountry "GER"]

1. Nf3 Nf6 2. d4 e6 3. c3 c5 4. e3 d5 5. Ne5 Nbd7 6. f4 Nxe5 7. fxe5 Ne4 8. Qh5 g6 9. Qf3 Bh6 10. Bd3 0-0 1/2-1/2

[Event "Berlin op 03"]
[Site "Berlin"]
[Date "2005.03.31"]
[Round "7"]
[White "Suchin, Dimitry"]
[Black "Haemmerlein, Thomas"]
[Result "1/2-1/2"]
[WhiteElo "2196"]
[BlackElo "2114"]
[PlyCount "48"]
[EventDate "2005.03.25"]
[EventType "swiss"]
[EventRounds "9"]
[EventCountry "GER"]
[SourceTitle "EXT 2007"]
[Source "ChessBase"]
[SourceDate "2006.11.23"]
[SourceVersion "1"]
[SourceVersionDate "2006.11.23"]
[SourceQuality "1"]

1. d4 Nf6 2. c4 c5 3. d5 b5 4. cxb5 a6 5. b6 g6 6. Nc3 d6 7. e4 Nbd7 8. Nf3 Bg7 9. a4 Qxb6 10. Be2 0-0 11. 0-0 Rb8 12. Nd2 Qd8 13. a5 Ne8 14. Nc4 Nc7 15. Bg5 Qe8 16. Ra3 Nb5 17. Rb3 Nf6 18. f3 Bd7 19. Nxb5 axb5 20. Nb6 b4 21. Qd3 Ba4 22. Ra1 Bxb3 23. Qxb3 Qd8 24. Nc4 h6 1/2-1/2

[Event "Berlin op 03"]
[Site "Berlin"]
[Date "2005.03.29"]
[Round "5"]
[White "Meister, Jakob"]
[Black "Suchin, Dimitry"]
[Result "1-0"]
[WhiteElo "2467"]
[BlackElo "2196"]
[PlyCount "55"]
[EventDate "2005.03.25"]
[EventType "swiss"]
[EventRounds "9"]
[EventCountry "GER"]
[SourceTitle "EXT 2007"]
[Source "ChessBase"]
[SourceDate "2006.11.23"]
[SourceVersion "1"]
[SourceVersionDate "2006.11.23"]
[SourceQuality "1"]

1. c4 e5 2. Nc3 Nf6 3. g3 d5 4. cxd5 Nxd5 5. Bg2 Nb6 6. Nf3 Nc6 7. 0-0 Be7 8. a4 a5 9. d3 0-0 10. Be3 Be6 11. Nd2 Nd5 12. Nxd5 Bxd5 13. Bxd5 Qxd5 14. Rc1 Rfc8 15. Qb3 Nb4 16. Qxd5 Nxd5 17. Bc5 Kf8 18. Bxe7+ Kxe7 19. Rc5 c6 20. Rfc1 Kd6 21. R5c4 b6 22. Rh4 Rh8 23. Nc4+ Ke7 24. Nxe5 c5 25. d4 g5 26. Rg4 Kf6 27. Nf3 Rhg8 28. dxc5 1-0

[Event "Berlin op 03"]
[Site "Berlin"]
[Date "2005.03.25"]
[Round "1"]
[White "Shapiro, Yosip"]
[Black "Suchin, Dimitry"]
[Result "0-1"]
[WhiteElo "2045"]
[BlackElo "2196"]
[PlyCount "86"]
[EventDate "2005.03.25"]
[EventType "swiss"]
[EventRounds "9"]
[EventCountry "GER"]
[SourceTitle "EXT 2007"]
[Source "ChessBase"]
[SourceDate "2006.11.23"]
[SourceVersion "1"]
[SourceVersionDate "2006.11.23"]
[SourceQuality "1"]

1. e4 e5 2. Nf3 Nc6 3. Bb5 a6 4. Ba4 Nf6 5. 0-0 Be7 6. Re1 b5 7. Bb3 d6 8. c3 0-0 9. h3 Nb8 10. d4 Nbd7 11. Nbd2 Bb7 12. Bc2 Re8 13. Nf1 Bf8 14. Ng3 g6 15. Bg5 Bg7 16. Qd2 c5 17. d5 Qc7 18. Nh2 c4 19. Bh6 Bxh6 20. Qxh6 Kh8 21. Re3 Ng8 22. Qh4 Qd8 23. Qg4 Qe7 24. Rf1 Nc5 25. Qd1 Nf6 26. b4 cxb3 27. axb3 a5 28. b4 axb4 29. cxb4 Na4 30. f4 exf4 31. Rxf4 Nxd5 32. Rff3 Nxe3 33. Qd4+ Qe5 34. Qxe3 f5 35. Qh6 Qg7 36. Qf4 Nc3 37. Qxd6 Bxe4 38. Bxe4 Nxe4 39. Nxe4 Rxe4 40. Rd3 Qa7+ 41. Kf1 Qe7 42. Qd5 Ra1+ 43. Kf2 Rf4+ 0-1

[Event "Berlin Lichtenberger Sommer 3th"]
[Site "Berlin"]
[Date "2004.08.21"]
[Round "7.11"]
[White "Niehaus, Frank"]
[Black "Suchin, Dimitry"]
[Result "0-1"]
[WhiteElo "2128"]
[BlackElo "2181"]
[PlyCount "78"]
[EventDate "2004.08.14"]
[EventType "swiss"]
[EventRounds "9"]
[EventCountry "GER"]
[SourceTitle "EXT 2022"]
[Source "ChessBase"]
[SourceDate "2021.10.06"]
[SourceVersion "1"]
[SourceVersionDate "2021.10.06"]
[SourceQuality "1"]

1. e4 e5 2. Nf3 Nc6 3. Bb5 Nf6 4. 0-0 Be7 5. Re1 a6 6. Ba4 b5 7. Bb3 d6 8. c3 0-0 9. h3 Nb8 10. d4 Nbd7 11. a4 Bb7 12. axb5 axb5 13. Rxa8 Qxa8 14. d5 c6 15. Na3 b4 16. cxb4 cxd5 17. exd5 Bxd5 18. Bxd5 Nxd5 19. Bd2 Qb7 20. Qb3 Nc5 21. Qc4 Na4 22. Rc1 Rb8 23. b5 Ndb6 24. Qc7 Nxb2 25. Be3 N2a4 26. Rc6 f6 27. Bd2 Kf7 28. Ne1 Qxc7 29. Rxc7 Ke6 30. Nd3 Rc8 31. Rc6 Kd7 32. Nb4 d5 33. Nac2 Rxc6 34. Nxc6 Bc5 35. Kf1 Nb2 36. Ba5 N2c4 37. Bb4 Kd6 38. Bxc5+ Kxc5 39. Na7 Kd6 0-1

[Event "Berlin Lichtenberger Sommer 3th"]
[Site "Berlin"]
[Date "2004.08.17"]
[Round "4.3"]
[White "Suchin, Dimitry"]
[Black "Von Herman, Ulf"]
[Result "0-1"]
[WhiteElo "2181"]
[BlackElo "2360"]
[PlyCount "54"]
[EventDate "2004.08.14"]
[EventType "swiss"]
[EventRounds "9"]
[EventCountry "GER"]
[SourceTitle "EXT 2022"]
[Source "ChessBase"]
[SourceDate "2021.10.06"]
[SourceVersion "1"]
[SourceVersionDate "2021.10.06"]
[SourceQuality "1"]

1. d4 Nf6 2. c4 e5 3. dxe5 Ng4 4. Bf4 Nc6 5. Nf3 Bb4+ 6. Nbd2 Qe7 7. e3 Ngxe5 8. Nxe5 Nxe5 9. a3 Bxd2+ 10. Qxd2 d6 11. Be2 0-0 12. Rc1 b6 13. b4 Bb7 14. 0-0 Nd7 15. Rfe1 a5 16. Bd3 axb4 17. axb4 Ra3 18. Ra1 Rfa8 19. Rxa3 Rxa3 20. Bf5 Ne5 21. c5 Qf6 22. Bb1 Nc4 23. Qc2 Qg6 24. e4 b5 25. Bg3 h5 26. h4 Ra1 27. Qc3 Rxb1 0-1

[Event "Berlin Kreuzberg op 5th"]
[Site "Berlin"]
[Date "2004.06.27"]
[Round "2"]
[White "Suchin, Dimitry"]
[Black "Burger, Heinrich"]
[Result "0-1"]
[WhiteElo "2168"]
[BlackElo "2059"]
[PlyCount "117"]
[EventDate "2004.06.26"]
[EventType "swiss"]
[EventRounds "9"]
[EventCountry "GER"]
[SourceTitle "EXT 2022"]
[Source "ChessBase"]
[SourceDate "2021.10.06"]
[SourceVersion "1"]
[SourceVersionDate "2021.10.06"]
[SourceQuality "1"]

1. d4 d6 2. c4 g6 3. e4 Bg7 4. Nc3 c6 5. Be2 Qc7 6. Nf3 Bg4 7. 0-0 Nd7 8. Be3 Bxf3 9. Bxf3 Ngf6 10. b4 a5 11. Qb3 0-0 12. Rab1 axb4 13. Qxb4 b6 14. Rfc1 Rfb8 15. h4 Ra5 16. Be2 Rba8 17. Rc2 h5 18. a4 Kh7 19. e5 c5 20. Qb3 dxe5 21. dxc5 bxc5 22. Qb7 R5a7 23. Qxc7 Rxc7 24. Rcb2 e4 25. Rb5 Ng4 26. Nd5 Rca7 27. Bxg4 hxg4 28. Rb7 e6 29. Ne7 Ne5 30. Bxc5 Rxb7 31. Rxb7 Rxa4 32. Bb4 Ra1+ 33. Kh2 Nxc4 34. Nc6 e3 35. fxe3 Nxe3 36. Rxf7 Nf5 37. Nd8 g3+ 38. Kh3 Rh1+ 39. Kg4 Nh6+ 40. Kxg3 Nxf7 41. Nxf7 Bf6 42. Ng5+ Bxg5 43. hxg5 Kg8 44. Kf3 Kf7 45. Bd6 Rd1 46. Bf4 Ke8 47. Ke4 Re1+ 48. Kd4 Kf7 49. g3 Rd1+ 50. Ke5 Ke7 51. Ke4 Rd5 52. Be5 Kd7 53. Bf4 Rf5 54. Kd4 Kc6 55. Ke4 Kc5 56. Bd2 Kc4 57. Bf4 Kc3 58. g4 Rxf4+ 59. Kxf4 0-1

[Event "Berlin Lichtenberger Sommer 2nd"]
[Site "Berlin"]
[Date "2003.08.21"]
[Round "6.13"]
[White "Suchin, Dimitry"]
[Black "Lueders, Gerhard"]
[Result "1-0"]
[WhiteElo "2146"]
[BlackElo "2268"]
[PlyCount "59"]
[EventDate "2003.08.16"]
[EventType "swiss"]
[EventRounds "9"]
[EventCountry "GER"]
[SourceTitle "EXT 2022"]
[Source "ChessBase"]
[SourceDate "2021.10.06"]
[SourceVersion "1"]
[SourceVersionDate "2021.10.06"]
[SourceQuality "1"]

1. d4 f5 2. g3 Nf6 3. Bg2 c6 4. c4 e6 5. Nc3 d5 6. Nh3 Bd6 7. 0-0 0-0 8. Bf4 Bxf4 9. Nxf4 g5 10. Nd3 Nbd7 11. cxd5 exd5 12. b4 Ne4 13. Qc2 Qf6 14. e3 h5 15. b5 Rf7 16. Rfc1 a5 17. Rab1 h4 18. bxc6 bxc6 19. Na4 hxg3 20. hxg3 Ra6 21. Nac5 Nexc5 22. Nxc5 Ra8 23. Nd3 Ra6 24. Bxd5 cxd5 25. Qxc8+ Nf8 26. Rb7 Qe6 27. Rxf7 Qxc8 28. Rxc8 Kxf7 29. Nc5 Ne6 30. Nxe6 1-0

[Event "Berlin Lichtenberger Sommer 2nd"]
[Site "Berlin"]
[Date "2003.08.19"]
[Round "4.30"]
[White "Suchin, Dimitry"]
[Black "Goergen, Barbara"]
[Result "1/2-1/2"]
[WhiteElo "2146"]
[BlackElo "1619"]
[PlyCount "61"]
[EventDate "2003.08.16"]
[EventType "swiss"]
[EventRounds "9"]
[EventCountry "GER"]
[SourceTitle "EXT 2022"]
[Source "ChessBase"]
[SourceDate "2021.10.06"]
[SourceVersion "1"]
[SourceVersionDate "2021.10.06"]
[SourceQuality "1"]

1. d4 d5 2. c4 c6 3. e3 Nf6 4. Nc3 Bf5 5. cxd5 Nxd5 6. Bc4 e6 7. Nge2 Nd7 8. 0-0 Be7 9. e4 Nxc3 10. Nxc3 Bg6 11. Bf4 Nb6 12. Bb3 0-0 13. Qd2 Rc8 14. Rfe1 Re8 15. Rad1 h6 16. Na4 Nxa4 17. Bxa4 Bg5 18. Bxg5 Qxg5 19. Qxg5 hxg5 20. f3 f6 21. Re2 Bf7 22. Red2 Red8 23. Bb3 Kf8 24. Kf2 Ke7 25. Ke3 Rd7 26. a4 Rcd8 27. g3 a5 28. Bc4 Bg8 29. Ba2 Bf7 30. Bb3 Bg8 31. Ba2 1/2-1/2

[Event "Berlin Kreuzberg op 4th"]
[Site "Berlin"]
[Date "2003.07.13"]
[Round "9"]
[White "Suchin, Dimitry"]
[Black "Meister, Jakob"]
[Result "0-1"]
[WhiteElo "2064"]
[BlackElo "2503"]
[PlyCount "43"]
[EventDate "2003.07.05"]
[EventType "swiss"]
[EventRounds "9"]
[EventCountry "GER"]
[SourceTitle "EXT 2022"]
[Source "ChessBase"]
[SourceDate "2021.10.06"]
[SourceVersion "1"]
[SourceVersionDate "2021.10.06"]
[SourceQuality "1"]

1. d4 d5 2. c4 e6 3. Nf3 c6 4. e3 Nd7 5. Nc3 f5 6. Bd3 Qf6 7. Qc2 Nh6 8. b3 Bd6 9. a4 0-0 10. Ba3 Bxa3 11. Rxa3 Kh8 12. cxd5 exd5 13. b4 a5 14. Ne2 Qe7 15. Rb3 g5 16. Nd2 Nf6 17. 0-0 Bd7 18. Qb2 Ne4 19. b5 Nf7 20. bxc6 bxc6 21. Nf3 Nfd6 22. Rc1 0-1

[Event "Berlin Kreuzberg op 4th"]
[Site "Berlin"]
[Date "2003.07.12"]
[Round "8"]
[White "Gaerths, Ronny"]
[Black "Suchin, Dimitry"]
[Result "0-1"]
[WhiteElo "2271"]
[BlackElo "2064"]
[PlyCount "58"]
[EventDate "2003.07.05"]
[EventType "swiss"]
[EventRounds "9"]
[EventCountry "GER"]
[SourceTitle "EXT 2022"]
[Source "ChessBase"]
[SourceDate "2021.10.06"]
[SourceVersion "1"]
[SourceVersionDate "2021.10.06"]
[SourceQuality "1"]

1. c4 e5 2. Nc3 Nf6 3. g3 d5 4. cxd5 Nxd5 5. Bg2 Nb6 6. d3 Be7 7. Be3 0-0 8. Rc1 f5 9. Qd2 Nc6 10. Bxc6 bxc6 11. Nf3 Bd6 12. Qc2 f4 13. gxf4 exf4 14. Qb3+ Kh8 15. Bd4 c5 16. Bxg7+ Kxg7 17. Rg1+ Kh6 18. Ne4 Qe7 19. Nfg5 Bf5 20. a4 Rab8 21. a5 Nd7 22. Qd5 Rxb2 23. Kf1 Rb4 24. Kg2 Rd4 25. Qa2 f3+ 26. exf3 Qe5 27. Nf7+ Rxf7 28. Qxf7 Be6 29. Nxd6 cxd6 0-1

[Event "Berlin Kreuzberg op 4th"]
[Site "Berlin"]
[Date "2003.07.11"]
[Round "7"]
[White "Suchin, Dimitry"]
[Black "Albrecht, Rainer"]
[Result "1/2-1/2"]
[WhiteElo "2064"]
[BlackElo "2219"]
[PlyCount "52"]
[EventDate "2003.07.05"]
[EventType "swiss"]
[EventRounds "9"]
[EventCountry "GER"]
[SourceTitle "EXT 2022"]
[Source "ChessBase"]
[SourceDate "2021.10.06"]
[SourceVersion "1"]
[SourceVersionDate "2021.10.06"]
[SourceQuality "1"]

1. d4 e6 2. c4 f5 3. g3 Nf6 4. Bg2 c6 5. Nh3 d6 6. 0-0 Be7 7. Nc3 0-0 8. Re1 e5 9. Bg5 h6 10. dxe5 dxe5 11. Bxf6 Bxf6 12. e4 Na6 13. Qxd8 Rxd8 14. Rad1 Rxd1 15. Rxd1 Nc5 16. f3 fxe4 17. Nxe4 Nxe4 18. fxe4 Be6 19. b3 Be7 20. Nf2 Bc5 21. h3 a5 22. Kf1 Bxf2 23. Kxf2 a4 24. Rd2 Kf7 25. Bf1 axb3 26. axb3 Ke7 1/2-1/2

[Event "Berlin Kreuzberg op 4th"]
[Site "Berlin"]
[Date "2003.07.09"]
[Round "5"]
[White "Suchin, Dimitry"]
[Black "Brustkern, Juergen"]
[Result "1/2-1/2"]
[WhiteElo "2064"]
[BlackElo "2227"]
[PlyCount "80"]
[EventDate "2003.07.05"]
[EventType "swiss"]
[EventRounds "9"]
[EventCountry "GER"]
[SourceTitle "EXT 2022"]
[Source "ChessBase"]
[SourceDate "2021.10.06"]
[SourceVersion "1"]
[SourceVersionDate "2021.10.06"]
[SourceQuality "1"]

1. d4 c5 2. d5 f5 3. Nc3 Nf6 4. g3 d6 5. Bg2 g6 6. Nh3 Na6 7. 0-0 Bg7 8. e4 fxe4 9. Ng5 Bg4 10. Qd2 Nc7 11. Ngxe4 0-0 12. Nxf6+ exf6 13. Qf4 Bf5 14. Be4 Bh3 15. Bg2 Bxg2 16. Kxg2 f5 17. a4 Qd7 18. Qc4 Qf7 19. Rd1 Rfe8 20. Bf4 Rad8 21. Rd2 a6 22. a5 Bd4 23. Rad1 Qg7 24. Bg5 Rd7 25. Re2 h6 26. Rxe8+ Nxe8 27. Re1 Nc7 28. Be3 Bf6 29. Na4 Kh7 30. c3 Re7 31. Nb6 Qg8 32. Bd2 Rxe1 33. Bxe1 Qe8 34. Bd2 Bg5 35. Bxg5 hxg5 36. Kf1 g4 37. Qe2 Qf7 38. Qd2 Ne8 39. Qf4 Qe7 40. Qe3 Qxe3 1/2-1/2

[Event "GER-ch U18"]
[Site "Willingen"]
[Date "2003.06.10"]
[Round "5"]
[White "Suchin, Dimitry"]
[Black "Nazarenus, Moritz"]
[Result "1-0"]
[WhiteElo "2043"]
[BlackElo "2117"]
[PlyCount "124"]
[EventDate "2003.06.08"]
[EventType "swiss"]
[EventRounds "9"]
[EventCountry "GER"]
[SourceTitle "CBM 094 Extra"]
[Source "ChessBase"]
[SourceDate "2003.07.09"]
[SourceVersion "2"]
[SourceVersionDate "2003.07.09"]
[SourceQuality "1"]

1. d4 d5 2. c4 e6 3. Nc3 c6 4. cxd5 exd5 5. Nf3 Bf5 6. Bf4 Bd6 7. Bg3 Nf6 8. e3 0-0 9. Bd3 Bg6 10. Qc2 Re8 11. 0-0 Bxg3 12. hxg3 Nbd7 13. Bxg6 hxg6 14. Rfe1 Qe7 15. Rab1 Rec8 16. b4 b5 17. Qb2 Nb6 18. Ne5 Nfd7 19. Nxd7 Qxd7 20. a4 a6 21. a5 Nc4 22. Qe2 Re8 23. Nd1 Qd6 24. Rb3 f6 25. Nb2 Kf7 26. Nd3 Rh8 27. Nc5 Rh5 28. Qc2 Qd8 29. Kf1 Qc8 30. f3 Qh8 31. Kf2 Rh2 32. Rg1 Qh6 33. Qc1 g5 34. Qc2 Qg6 35. Qxg6+ Kxg6 36. Rbb1 Rhh8 37. Rh1 Rhe8 38. Rhe1 Kf7 39. Rbc1 f5 40. Nd3 Rac8 41. Re2 Kf6 42. Rce1 Nd6 43. Nc5 Ra8 44. Nd7+ Ke7 45. Ne5 Rac8 46. g4 fxg4 47. Nxg4 Kd7 48. Rh1 Rh8 49. Ne5+ Kc7 50. Ree1 Nf5 51. Nf7 Rxh1 52. Rxh1 g4 53. Rh5 Nd6 54. Nxd6 Kxd6 55. fxg4 g6 56. Rh7 Rf8+ 57. Ke2 Rg8 58. g5 Ke6 59. Ra7 Rh8 60. Rc7 Kd6 61. Rg7 Rh1 62. Rxg6+ Kc7 1-0

[Event "Berlin Kreuzberg op 3th"]
[Site "Berlin"]
[Date "2002.07.14"]
[Round "9"]
[White "Suchin, Dimitry"]
[Black "Rennspiess, Jens"]
[Result "1-0"]
[WhiteElo "2053"]
[BlackElo "1787"]
[PlyCount "65"]
[EventDate "2002.07.06"]
[EventType "swiss"]
[EventRounds "9"]
[EventCountry "GER"]
[SourceTitle "EXT 2022"]
[Source "ChessBase"]
[SourceDate "2021.10.06"]
[SourceVersion "1"]
[SourceVersionDate "2021.10.06"]
[SourceQuality "1"]

1. e4 c6 2. d4 d5 3. Nd2 dxe4 4. Nxe4 Nd7 5. Ng5 Ngf6 6. Bd3 e6 7. Qe2 Be7 8. N1f3 h6 9. Ne4 0-0 10. Bd2 Nxe4 11. Qxe4 Nf6 12. Qh4 e5 13. dxe5 Ng4 14. Qg3 Bc5 15. 0-0 f5 16. h3 f4 17. Bxf4 g5 18. Bd2 Nxf2 19. Rxf2 Qb6 20. Raf1 Be6 21. Bxg5 Rxf3 22. gxf3 Kf7 23. Qf4+ Ke8 24. Qf6 Bxh3 25. Bg6+ Kd7 26. Rd1+ Kc7 27. Qf7+ Kb8 28. Bh4 a6 29. Qb3 Qc7 30. Qc3 Bb6 31. Kh2 Bxf2 32. Bxf2 Bc8 33. Qc5 1-0

[Event "Berlin Kreuzberg op 3th"]
[Site "Berlin"]
[Date "2002.07.11"]
[Round "6"]
[White "Teschke, Olaf"]
[Black "Suchin, Dimitry"]
[Result "1-0"]
[WhiteElo "2184"]
[BlackElo "2053"]
[PlyCount "69"]
[EventDate "2002.07.06"]
[EventType "swiss"]
[EventRounds "9"]
[EventCountry "GER"]
[SourceTitle "EXT 2022"]
[Source "ChessBase"]
[SourceDate "2021.10.06"]
[SourceVersion "1"]
[SourceVersionDate "2021.10.06"]
[SourceQuality "1"]

1. d4 Nf6 2. c4 e6 3. g3 d5 4. Bg2 c6 5. Qc2 Bd6 6. Nf3 Nbd7 7. Bf4 Bb8 8. 0-0 0-0 9. Nbd2 Re8 10. Bxb8 Rxb8 11. Ne5 Nxe5 12. dxe5 Ng4 13. Nf3 f6 14. Qc3 fxe5 15. h3 e4 16. hxg4 exf3 17. Bxf3 d4 18. Qd3 e5 19. Be4 g6 20. f3 Be6 21. c5 Qg5 22. Kg2 Re7 23. b4 Rg7 24. b5 cxb5 25. Qxb5 h5 26. c6 b6 27. Bd5 Qe7 28. Qc4 Bf7 29. Rae1 Rc8 30. f4 Rc7 31. fxe5 Qc5 32. Rxf7 Rgxf7 33. Rf1 d3 34. Bxf7+ Kg7 35. exd3 1-0

[Event "Berlin Kreuzberg op 3th"]
[Site "Berlin"]
[Date "2002.07.10"]
[Round "5"]
[White "Suchin, Dimitry"]
[Black "Postler, Reinhard"]
[Result "1/2-1/2"]
[WhiteElo "2053"]
[BlackElo "2308"]
[PlyCount "94"]
[EventDate "2002.07.06"]
[EventType "swiss"]
[EventRounds "9"]
[EventCountry "GER"]
[SourceTitle "EXT 2022"]
[Source "ChessBase"]
[SourceDate "2021.10.06"]
[SourceVersion "1"]
[SourceVersionDate "2021.10.06"]
[SourceQuality "1"]

1. e4 c5 2. Nf3 e6 3. d4 cxd4 4. Nxd4 a6 5. Nc3 Qc7 6. g3 Nf6 7. Bg2 Be7 8. 0-0 0-0 9. Be3 d6 10. f4 Nc6 11. Nxc6 bxc6 12. Na4 Rb8 13. c4 c5 14. b3 Bb7 15. Nc3 Nd7 16. Qc2 Bf6 17. Rad1 Rbd8 18. g4 Bd4 19. Bxd4 cxd4 20. Rxd4 Qc5 21. Qf2 Nf6 22. h3 e5 23. Rdd1 Qa5 24. Rc1 exf4 25. Qxf4 h6 26. Rc2 Rfe8 27. Nd5 Bxd5 28. exd5 Re7 29. Kh2 Qb6 30. Qf2 Qc7 31. Re1 Rde8 32. Rxe7 Qxe7 33. Qf4 Qe1 34. Qf2 Qe5+ 35. Qg3 Qg5 36. Qxd6 Nxg4+ 37. hxg4 Qh4+ 38. Kg1 Re1+ 39. Bf1 Qxg4+ 40. Kf2 Rxf1+ 41. Kxf1 Qd1+ 42. Kf2 Qxc2+ 43. Ke3 Qc3+ 44. Ke2 Qc2+ 45. Kf3 Qd3+ 46. Kf2 Qd2+ 47. Kf3 Qd3+ 1/2-1/2

[Event "Berlin Kreuzberg op 3th"]
[Site "Berlin"]
[Date "2002.07.09"]
[Round "4"]
[White "Grosse Honebrink, Brigitte"]
[Black "Suchin, Dimitry"]
[Result "0-1"]
[WhiteElo "1785"]
[BlackElo "2053"]
[PlyCount "57"]
[EventDate "2002.07.06"]
[EventType "swiss"]
[EventRounds "9"]
[EventCountry "GER"]
[SourceTitle "EXT 2022"]
[Source "ChessBase"]
[SourceDate "2021.10.06"]
[SourceVersion "1"]
[SourceVersionDate "2021.10.06"]
[SourceQuality "1"]

1. d4 Nf6 2. Nf3 e6 3. c4 c5 4. e3 cxd4 5. exd4 d5 6. Nc3 Be7 7. Bg5 dxc4 8. Bxc4 0-0 9. 0-0 h6 10. Bh4 Nc6 11. Rc1 b6 12. Be2 Bb7 13. h3 Rc8 14. Bg3 Nd5 15. Nxd5 Qxd5 16. Bc4 Qd8 17. Be2 Qd5 18. Bc4 Qd8 19. Be2 Bf6 20. Qa4 Qd5 21. Bc4 Qa5 22. Qxa5 Nxa5 23. Be2 Bd5 24. b3 Nc6 25. Rfd1 Bxf3 26. Bxf3 Nxd4 27. Bg4 g6 28. Re1 h5 29. Bd1 0-1